000 00315nam a22001337a 4500
008 171018b xxu||||| |||| 00| 0 eng d
020 _a9780471292395
041 _aeng
080 _a338
100 _a53
101 _aMNG
245 _aSTRATEGIC MANAGEMENT IN THE HOSPITALITY IDUSTRY
_cOLSEN, M
942 _2udc
_cBK
999 _c34531
_d34531